[Event "Lietuvos BM10-BM18"]
[Site "Vilnius"]
[Date "2021.06.03"]
[Round "2.18"]
[White "Rakickas, Aurimas"]
[Black "Misiuk, Martynas"]
[Result "0-1"]
[WhiteElo "1106"]
[BlackElo "1627"]
[PlyCount "40"]
[EventDate "2021.??.??"]

1. e4 c5 2. Nf3 g6 3. d4 cxd4 4. Nxd4 Nc6 5. Nc3 Bg7 6. Be3 Nf6 7. Nxc6 bxc6 8.
e5 Nd5 9. Nxd5 cxd5 10. Qxd5 Rb8 11. Bd4 Bb7 12. Qc4 Rc8 13. Qb3 Be4 14. Rc1
Qa5+ 15. Bc3 Qc5 16. f3 Qe3+ 17. Kd1 Bxf3+ 18. gxf3 Qxf3+ 19. Be2 Qxh1+ 20. Kd2
Bh6+ 0-1

[Event "Lietuvos BM10-BM18"]
[Site "Vilnius"]
[Date "2021.06.03"]
[Round "2.19"]
[White "Ovcinikova, Auguste"]
[Black "Alionyte, Patricija"]
[Result "0-1"]
[WhiteElo "1177"]
[BlackElo "1058"]
[PlyCount "134"]
[EventDate "2021.??.??"]

1. e4 e5 2. Nf3 Nc6 3. Bb5 Bd6 4. c3 Nf6 5. O-O O-O 6. Re1 a6 7. Bc4 b5 8. Bd5
Bb7 9. d4 Re8 10. Bg5 Na5 11. Nbd2 c6 12. Bb3 Nxb3 13. Nxb3 h6 14. Bh4 Rc8 15.
Bg3 Qc7 16. dxe5 Bxe5 17. Nxe5 Rxe5 18. Qd4 Rce8 19. Bxe5 Rxe5 20. Nc5 Bc8 21.
Nd3 Re7 22. e5 Nd5 23. Nf4 Nb6 24. Qd6 Qxd6 25. exd6 Rxe1+ 26. Rxe1 Kf8 27. b3
c5 28. Rd1 Bb7 29. a4 bxa4 30. bxa4 Nxa4 31. Rb1 g5 32. Rxb7 gxf4 33. Rxd7 Ke8
34. Rc7 Nxc3 35. Rxc5 Nb5 36. f3 Kd7 37. Rf5 Nxd6 38. Rxf4 a5 39. Rd4 Kc6 40.
Rh4 Kc5 41. Rxh6 a4 42. Rh8 a3 43. Ra8 Kb4 44. h4 Kb3 45. g4 a2 46. Ra6 Nc4 47.
h5 Na3 48. Rb6+ Ka4 49. Ra6+ Kb4 50. Rb6+ Ka5 51. Rb8 a1=Q+ 52. Kg2 Qe5 53.
Ra8+ Kb6 54. h6 Kb7 55. Rf8 Qe2+ 56. Kg3 Qe1+ 57. Kg2 Qd2+ 58. Kg3 Qd6+ 59. f4
Qxf8 60. g5 f6 61. Kg4 fxg5 62. fxg5 Nc4 63. Kh5 Ne5 64. Kh4 Qf4+ 65. Kh3 Qg4+
66. Kh2 Nf3+ 67. Kh1 Qg1# 0-1

[Event "Lietuvos BM10-BM18"]
[Site "Vilnius"]
[Date "2021.06.03"]
[Round "3.1"]
[White "Butvilas, Aistis"]
[Black "Bagvilas, Lukas"]
[Result "1/2-1/2"]
[WhiteElo "2115"]
[BlackElo "2053"]
[PlyCount "142"]
[EventDate "2021.??.??"]

1. d4 Nf6 2. c4 e6 3. Nc3 Bb4 4. e3 b6 5. Nge2 Bb7 6. a3 Be7 7. Nf4 d5 8. cxd5
exd5 9. Bd3 O-O 10. O-O Re8 11. b4 Nbd7 12. Bb2 Nf8 13. Qc2 a6 14. Rfc1 Bd6 15.
b5 a5 16. a4 Ng6 17. Nxg6 hxg6 18. Be2 Qe7 19. Qb3 Ne4 20. Nxe4 dxe4 21. Bc4
Kf8 22. Bd5 Bxd5 23. Qxd5 Rad8 24. Qb3 Rd7 25. Rc6 Qh4 26. h3 Qe7 27. Qc3 g5
28. Ba3 Bxa3 29. Rxa3 f6 30. Qc1 Qf7 31. Rac3 Ree7 32. R3c4 Kg8 33. Qc2 f5 34.
Rc3 Kf8 35. Qb3 Qxb3 36. Rxb3 Kf7 37. Rbc3 g6 38. Kf1 Kg7 39. Ke2 Kh6 40. Rf6
Rf7 41. Rxf7 Rxf7 42. Rc6 Kh5 43. g4+ fxg4 44. hxg4+ Kxg4 45. Rxg6 Kf5 46. Rc6
Re7 47. Kd2 Rf7 48. Ke2 Re7 49. Kf1 Rd7 50. Kg2 Re7 51. Kg3 Rh7 52. d5 Rd7 53.
d6 Rxd6 54. Rxc7 Re6 55. Rd7 Rg6 56. Rd8 Re6 57. Rf8+ Rf6 58. Re8 Re6 59. Rd8
Rg6 60. Kg2 Re6 61. Kf1 Rg6 62. Ke2 Ke5 63. Re8+ Re6 64. Rg8 Kf5 65. f3 exf3+
66. Kxf3 Rh6 67. e4+ Kf6 68. Rf8+ Ke6 69. Re8+ Kf6 70. Rf8+ Ke6 71. Re8+ Kf6
1/2-1/2

[Event "Lietuvos BM10-BM18"]
[Site "Vilnius"]
[Date "2021.06.03"]
[Round "3.2"]
[White "Jablokov, Dmitrij"]
[Black "Mickus, Benas"]
[Result "1-0"]
[WhiteElo "1964"]
[BlackElo "1974"]
[PlyCount "47"]
[EventDate "2021.??.??"]

1. Nf3 d5 2. g3 Nf6 3. Bg2 e6 4. O-O b5 5. d3 Bb7 6. Bf4 c5 7. c4 dxc4 8. dxc4
Qxd1 9. Rxd1 b4 10. a3 Nbd7 11. Nbd2 Be7 12. Nb3 O-O 13. axb4 cxb4 14. Ne5 Bxg2
15. Nxd7 Be4 16. Nxf8 Kxf8 17. Rd2 Ne8 18. f3 Bg6 19. e4 f6 20. Rd7 a6 21. Be3
Nd6 22. Bc5 Nc8 23. Bxe7+ Nxe7 24. Nc5 1-0

[Event "Lietuvos BM10-BM18"]
[Site "Vilnius"]
[Date "2021.06.03"]
[Round "3.3"]
[White "Bagdanskis, Dangis"]
[Black "Stremavicius, Pijus"]
[Result "1-0"]
[WhiteElo "1945"]
[BlackElo "2228"]
[PlyCount "55"]
[EventDate "2021.??.??"]

1. e4 c5 2. Nf3 e6 3. d4 cxd4 4. Nxd4 Nf6 5. Nc3 Nc6 6. Bf4 Bb4 7. Ndb5 Nxe4 8.
Qf3 d5 9. O-O-O Bxc3 10. Nc7+ Kf8 11. bxc3 g5 12. Bg3 Nxg3 13. Qxg3 Rb8 14. Bb5
Bd7 15. Rhe1 Rc8 16. Nxd5 exd5 17. Rxd5 Qc7 18. Qxg5 Rg8 19. Qh6+ Rg7 20. Re3
Kg8 21. Rg5 Rg6 22. Bc4 Kh8 23. Qh4 Rf8 24. Rh5 Rg7 25. Rg3 Rfg8 26. Bd3 f5 27.
Rxh7+ Rxh7 28. Qf6+ 1-0

[Event "Lietuvos BM10-BM18"]
[Site "Vilnius"]
[Date "2021.06.03"]
[Round "3.4"]
[White "Maciulaityte, Barbora"]
[Black "Karaliute, Vestina"]
[Result "0-1"]
[WhiteElo "1640"]
[BlackElo "1307"]
[PlyCount "60"]
[EventDate "2021.??.??"]

1. e4 d5 2. exd5 Qxd5 3. Nc3 Qd6 4. d4 Nf6 5. Nf3 Bg4 6. Be2 e6 7. O-O Be7 8.
Be3 O-O 9. Ne5 Bxe2 10. Qxe2 Nc6 11. Nb5 Qd8 12. Rad1 Nb4 13. a3 Nbd5 14. c4
Nb6 15. Nc3 c6 16. Bf4 h6 17. Rd3 Nfd7 18. Rfd1 Qe8 19. Rg3 Kh8 20. Ne4 Nxe5
21. Bxe5 f6 22. Bf4 Rd8 23. Rh3 Qg6 24. Rdd3 e5 25. Rdg3 Qh7 26. Bc1 Rxd4 27.
Nd2 Rfd8 28. Rc3 Na4 29. Rb3 Rxd2 30. Bxd2 Rxd2 0-1

[Event "Lietuvos BM10-BM18"]
[Site "Vilnius"]
[Date "2021.06.03"]
[Round "3.5"]
[White "Ravlusevic, Evelina"]
[Black "Perminaite, Simona"]
[Result "1/2-1/2"]
[WhiteElo "1749"]
[BlackElo "1384"]
[PlyCount "164"]
[EventDate "2021.??.??"]

1. d4 Nf6 2. c4 g6 3. Nf3 Bg7 4. g3 O-O 5. Bg2 d6 6. O-O Nbd7 7. Bd2 e5 8. Bc3
Ne4 9. Nbd2 Nxc3 10. bxc3 c6 11. Ne4 d5 12. cxd5 cxd5 13. Nd6 e4 14. Nd2 Nb6
15. Nxc8 Rxc8 16. Qb3 Qd7 17. e3 Rc7 18. Rfc1 Rfc8 19. Rab1 Bh6 20. Rc2 Bf8 21.
Rbc1 Nc4 22. Nxc4 dxc4 23. Qb2 Re8 24. Rb1 Qa4 25. Re2 Ba3 26. Qb5 Qxb5 27.
Rxb5 b6 28. g4 Rce7 29. Re1 Kf8 30. Bf1 Rc8 31. Kg2 Re6 32. Reb1 Ke7 33. f3
exf3+ 34. Kxf3 Bd6 35. h3 Rf6+ 36. Kg2 Re6 37. Re1 Ba3 38. e4 a6 39. Rbb1 b5
40. e5 f6 41. exf6+ Kxf6 42. Rxe6+ Kxe6 43. Kf2 Kd6 44. Bg2 Rb8 45. Ke2 a5 46.
Kd2 b4 47. Rf1 b3 48. axb3 cxb3 49. c4 Bb4+ 50. Kc1 a4 51. Kb2 Rc8 52. c5+ Ke6
53. Ra1 Rd8 54. d5+ Ke5 55. c6 Ra8 56. Rd1 Bd6 57. Kc3 Bc7 58. Re1+ Kd6 59. Kb2
Kc5 60. Ka3 Kb5 61. Re6 Rd8 62. Kb2 Kb4 63. Re4+ Kb5 64. Re7 Bd6 65. Re6 Kc5
66. Ka3 Ra8 67. c7 Rc8 68. Kxa4 b2 69. Re1 Rxc7 70. Kb3 Rb7+ 71. Kc2 Rb4 72.
Kb1 Rb7 73. Re2 Kd4 74. Re6 Kc5 75. Re2 Kd4 76. Rxb2 Rxb2+ 77. Kxb2 h5 78. Kb3
hxg4 79. hxg4 g5 80. Ka4 Kc5 81. Ka5 Bf4 82. Ka6 Kd6 1/2-1/2

[Event "Lietuvos BM10-BM18"]
[Site "Vilnius"]
[Date "2021.06.03"]
[Round "3.6"]
[White "Leclere, Daniel"]
[Black "Norkeliunas, Matas"]
[Result "1-0"]
[WhiteElo "1800"]
[BlackElo "1533"]
[PlyCount "75"]
[EventDate "2021.??.??"]

1. d4 d5 2. c4 e6 3. Nf3 Nf6 4. g3 c5 5. cxd5 exd5 6. Bg2 Nc6 7. Nc3 Be6 8. O-O
h6 9. b3 Be7 10. dxc5 Bxc5 11. Bb2 O-O 12. Rc1 Be7 13. Nd4 Qd7 14. Nxc6 bxc6
15. Na4 Rac8 16. Qd4 c5 17. Nxc5 Bxc5 18. Rxc5 Rxc5 19. Qxc5 Rc8 20. Qe3 Ng4
21. Qd4 Nf6 22. Qd2 Ne8 23. Rc1 Rd8 24. Bd4 Nd6 25. Bb2 Ne8 26. e3 Nd6 27. Qc3
Nf5 28. Rd1 f6 29. e4 Ne7 30. Qd3 Qb7 31. Ba3 Nc6 32. exd5 Ne5 33. Qe4 Bg4 34.
Re1 Re8 35. Kh1 Bd7 36. f4 Ng4 37. Qxe8+ Bxe8 38. Rxe8+ 1-0

[Event "Lietuvos BM10-BM18"]
[Site "Vilnius"]
[Date "2021.06.03"]
[Round "3.7"]
[White "Povilaitis, Matas"]
[Black "Greicius, Pijus"]
[Result "1/2-1/2"]
[WhiteElo "1625"]
[BlackElo "2004"]
[PlyCount "53"]
[EventDate "2021.??.??"]

1. d4 Nf6 2. Bg5 d5 3. c3 e6 4. e3 Bd6 5. Bd3 h6 6. Bxf6 Qxf6 7. f4 Nd7 8. Nf3
g5 9. g3 c6 10. Nbd2 gxf4 11. exf4 Qg7 12. Qe2 Nf6 13. O-O-O Bd7 14. Ne5 O-O-O
15. b4 Kb8 16. Nb3 Be8 17. Na5 Kc7 18. a4 Nd7 19. Ba6 Bxe5 20. Bxb7 Bxf4+ 21.
gxf4 Nb8 22. Rhg1 Qf6 23. Qe5+ Qxe5 24. fxe5 Kb6 25. Rg7 Rd7 26. Ba8 a6 27.
Rdg1 1/2-1/2

[Event "Lietuvos BM10-BM18"]
[Site "Vilnius"]
[Date "2021.06.03"]
[Round "3.8"]
[White "Scekaciov, Rostislav"]
[Black "Posaskov, Nikita"]
[Result "0-1"]
[WhiteElo "1515"]
[BlackElo "1798"]
[PlyCount "66"]
[EventDate "2021.??.??"]

1. c4 Nf6 2. Nf3 g6 3. g3 Bg7 4. Bg2 O-O 5. O-O d6 6. d4 Nc6 7. Nc3 e5 8. d5
Ne7 9. e4 Nd7 10. Re1 a5 11. Be3 b6 12. Nd2 Nc5 13. Qc2 Bd7 14. b3 f5 15. f3 f4
16. Bf2 fxg3 17. hxg3 g5 18. a3 g4 19. b4 gxf3 20. Bxf3 Na6 21. Qb3 Ng6 22. Ne2
Bh6 23. Nf1 axb4 24. axb4 Nxb4 25. Bg2 Qf6 26. Nf4 Rxa1 27. Rxa1 exf4 28. Ra3
fxg3 29. Bxg3 Qd4+ 30. Kh1 Nf4 31. Qxb4 Nxg2 32. Kxg2 Qxe4+ 33. Kg1 Bh3 0-1

[Event "Lietuvos BM10-BM18"]
[Site "Vilnius"]
[Date "2021.06.03"]
[Round "3.10"]
[White "Morkunaite, Adrijana"]
[Black "Sukyte, Kotryna"]
[Result "0-1"]
[WhiteElo "1209"]
[BlackElo "1475"]
[PlyCount "119"]
[EventDate "2021.??.??"]

1. e4 Nf6 2. e5 Nd5 3. d4 d6 4. Nf3 g6 5. Bc4 Nb6 6. Bb3 Bg7 7. O-O O-O 8. h3
Nc6 9. exd6 cxd6 10. c3 Bf5 11. Be3 e5 12. dxe5 dxe5 13. Qxd8 Raxd8 14. Nbd2 h6
15. Rad1 Na5 16. Rfe1 Nxb3 17. Nxb3 Nc4 18. Bc1 Bc2 19. Rxd8 Rxd8 20. Nbd2 Nxd2
21. Nxd2 Bd3 22. Kh2 b6 23. Nf3 e4 24. Nd2 f5 25. f3 exf3 26. Nxf3 Be4 27. Be3
Bxf3 28. gxf3 g5 29. Rf1 Re8 30. Bc1 Re2+ 31. Kg1 Rc2 32. Re1 Kf7 33. a3 Bf6
34. Rf1 h5 35. Re1 Kg6 36. Rf1 Be5 37. Re1 Bg3 38. Rf1 g4 39. fxg4 hxg4 40.
hxg4 fxg4 41. Rd1 Bf2+ 42. Kh1 g3 43. a4 g2+ 44. Kxg2 Be3+ 45. Kf3 Bxc1 46.
Rd6+ Kf5 47. Rd7 Bxb2 48. Rxa7 Rxc3+ 49. Ke2 Ra3 50. Kd2 Bc3+ 51. Kc2 Ba5 52.
Rf7+ Ke5 53. Rh7 Rxa4 54. Rh5+ Kd6 55. Kb3 Re4 56. Kc2 Re5 57. Rh4 Kc5 58. Kb1
b5 59. Kc2 Be1 60. Kb1 0-1

[Event "Lietuvos BM10-BM18"]
[Site "Vilnius"]
[Date "2021.06.03"]
[Round "3.11"]
[White "Andrijauskas, Domas"]
[Black "Pidluznij, Gleb"]
[Result "0-1"]
[WhiteElo "1283"]
[BlackElo "2016"]
[PlyCount "140"]
[EventDate "2021.??.??"]

1. c4 g6 2. Nc3 Bg7 3. g3 Nf6 4. Bg2 O-O 5. Nf3 d6 6. O-O c5 7. e3 Nc6 8. d4
cxd4 9. exd4 d5 10. b3 Ne4 11. Bb2 Nxc3 12. Bxc3 dxc4 13. bxc4 Qc7 14. Qb3 Bg4
15. d5 Bxc3 16. Qxc3 Bxf3 17. Bxf3 Ne5 18. Be2 Rac8 19. Rac1 Rfd8 20. Rfd1 b6
21. Qb4 Qc5 22. a3 Rd6 23. Kg2 Rc7 24. h3 Nd7 25. Qa4 Nf6 26. Bf3 Kg7 27. Qb4
h5 28. Qa4 e6 29. dxe6 Rxe6 30. Qb4 Re5 31. Rd2 Rf5 32. Rcc2 Qe5 33. Qc3 Qxc3
34. Rxc3 Rfc5 35. Rd4 b5 36. Kf1 Nd7 37. Be2 Nb6 38. Ke1 bxc4 39. Kd2 Kf6 40.
f4 Ke7 41. Ke1 Rd7 42. Rxd7+ Kxd7 43. Kf2 Kc6 44. a4 Kb7 45. a5 Rxa5 46. Bxc4
Nxc4 47. Rxc4 Ra2+ 48. Ke3 Ra3+ 49. Kf2 Rd3 50. Re4 Rd7 51. f5 Kc6 52. g4 gxf5
53. gxf5 Rd5 54. Rf4 a5 55. Kg3 Kc5 56. Ra4 Kb5 57. Rf4 a4 58. Kh4 a3 59. Kxh5
a2 60. Rf1 Rd3 61. Kg5 Rxh3 62. Kf6 Rf3 63. Ra1 Rf2 64. Rxa2 Rxa2 65. Kxf7 Rf2
66. f6 Kc6 67. Ke7 Re2+ 68. Kf8 Kd7 69. Kg7 Rg2+ 70. Kf7 Re2 0-1

[Event "Lietuvos BM10-BM18"]
[Site "Vilnius"]
[Date "2021.06.03"]
[Round "3.12"]
[White "Rudzkis, Vilius"]
[Black "Praspaliauskas, Matas"]
[Result "1/2-1/2"]
[WhiteElo "1811"]
[BlackElo "1256"]
[PlyCount "81"]
[EventDate "2021.??.??"]

1. d4 d5 2. c4 e6 3. Nc3 Nf6 4. cxd5 exd5 5. Bg5 Be7 6. e3 O-O 7. Bd3 Bg4 8.
Qb3 Nbd7 9. f3 Be6 10. Nge2 b6 11. O-O c5 12. Qc2 Rc8 13. Bf5 h6 14. Bxe6 fxe6
15. Bh4 Ne8 16. Bg3 Bd6 17. Qd2 Qg5 18. Nf4 cxd4 19. Nxe6 dxc3 20. bxc3 Qf5 21.
Nxf8 Nxf8 22. Bxd6 Nxd6 23. e4 Qe5 24. Qxd5+ Qxd5 25. exd5 Rxc3 26. Rac1 Rxc1
27. Rxc1 Ne8 28. Kf2 Kf7 29. Ke3 Ke7 30. Kd4 Kd7 31. f4 Ng6 32. g3 Nf6 33. d6
Kxd6 34. Rc8 Ne7 35. Rc2 Nf5+ 36. Kd3 Kd7 37. a3 Nd6 38. a4 Nb7 39. Kc4 Nd6+
40. Kd4 Nf5+ 41. Kd3 1/2-1/2

[Event "Lietuvos BM10-BM18"]
[Site "Vilnius"]
[Date "2021.06.03"]
[Round "3.13"]
[White "Gavenavicius, Karolis"]
[Black "Milius, Ignas"]
[Result "1/2-1/2"]
[WhiteElo "1168"]
[BlackElo "1331"]
[PlyCount "71"]
[EventDate "2021.??.??"]

1. e4 c6 2. d4 d5 3. exd5 cxd5 4. Bd3 Nc6 5. c3 Nf6 6. Bf4 g6 7. Nf3 Bg7 8.
Nbd2 O-O 9. O-O Bf5 10. Bxf5 gxf5 11. Ne5 e6 12. Nxc6 bxc6 13. Nb3 Nd7 14. Bd6
Re8 15. f4 Nb6 16. Bc5 Nc4 17. Qc1 Bf8 18. Bxf8 Kxf8 19. Nc5 Rb8 20. b3 Nd6 21.
Rf3 Ne4 22. Nxe4 fxe4 23. Rh3 Kg7 24. f5 Qf6 25. fxe6 fxe6 26. Qe3 Rf8 27. Rg3+
Kh8 28. Qe2 Rb7 29. Rf1 Qxf1+ 30. Qxf1 Rxf1+ 31. Kxf1 Rg7 32. Rxg7 Kxg7 33. g4
Kf6 34. h4 e5 35. b4 exd4 36. cxd4 1/2-1/2

[Event "Lietuvos BM10-BM18"]
[Site "Vilnius"]
[Date "2021.06.03"]
[Round "3.14"]
[White "Mickunaite, Agne"]
[Black "Griksaite, Egle"]
[Result "0-1"]
[WhiteElo "1216"]
[BlackElo "1318"]
[PlyCount "76"]
[EventDate "2021.??.??"]

1. e4 c5 2. Nc3 Nc6 3. Nf3 d6 4. d4 cxd4 5. Nxd4 a6 6. Be3 Qa5 7. Nb3 Qd8 8.
Nd5 Nf6 9. Bb6 Qd7 10. Nc7+ Kd8 11. Nxa8+ Ke8 12. Nc7+ Kd8 13. Nxa6+ Ke8 14.
Nc7+ Kd8 15. Nd5+ Ke8 16. Nxf6+ gxf6 17. Bc4 Rg8 18. Rg1 Ne5 19. Bd3 e6 20. Qe2
Ke7 21. Bb5 Nf3+ 22. Qxf3 Qxb5 23. Bd4 e5 24. Bc3 Bg4 25. Qd3 Qa4 26. a3 Bh6
27. Bb4 Qc6 28. f3 Be6 29. Rd1 Rd8 30. Qc3 Qb6 31. Ba5 Qxg1+ 32. Ke2 Qxg2+ 33.
Ke1 Rd7 34. Bb4 Qg1+ 35. Ke2 Qxh2+ 36. Ke1 Bf4 37. Kf1 Bh3+ 38. Ke1 Bg3# 0-1

[Event "Lietuvos BM10-BM18"]
[Site "Vilnius"]
[Date "2021.06.03"]
[Round "3.15"]
[White "Cibulskyte, Smilte"]
[Black "Paknyte, Beatrice"]
[Result "0-1"]
[WhiteElo "1033"]
[BlackElo "1201"]
[PlyCount "80"]
[EventDate "2021.??.??"]

1. e4 d5 2. exd5 Nf6 3. Nf3 Qxd5 4. Nc3 Qd8 5. Be2 g6 6. O-O Bg7 7. d3 Nc6 8.
Be3 O-O 9. Qd2 Re8 10. Rfe1 b6 11. h3 Bb7 12. Rad1 Nd5 13. Nxd5 Qxd5 14. b3 Nd4
15. Bf4 Nxe2+ 16. Rxe2 e5 17. Bg3 Rad8 18. Rde1 f6 19. Qe3 Qc6 20. Qe4 Qxe4 21.
dxe4 Bh6 22. Bh4 Kf7 23. g4 g5 24. Bg3 Bf8 25. c3 Bc5 26. b4 Be7 27. Rd2 c5 28.
a3 Rxd2 29. Nxd2 Rd8 30. Re2 Rd3 31. c4 cxb4 32. axb4 Bxb4 33. Nf1 Ba6 34. Ra2
Ra3 35. Rxa3 Bxa3 36. Ne3 Bc5 37. Nd5 Bxc4 38. h4 Bxd5 39. exd5 gxh4 40. Bxh4
a5 0-1

[Event "Lietuvos BM10-BM18"]
[Site "Vilnius"]
[Date "2021.06.03"]
[Round "3.16"]
[White "Morkunas, Gustas"]
[Black "Skyrius, Aronas"]
[Result "1-0"]
[WhiteElo "1704"]
[BlackElo "1274"]
[PlyCount "67"]
[EventDate "2021.??.??"]

1. e4 c5 2. Nf3 e6 3. d4 cxd4 4. Nxd4 Nf6 5. Bd3 d6 6. Nc3 a6 7. O-O Be7 8. h3
O-O 9. Be3 Nc6 10. Qd2 Qc7 11. Kh1 b5 12. a3 Bb7 13. f4 Na5 14. Qe2 Rac8 15.
Bg1 Nc4 16. Nd1 Ba8 17. b3 Nb6 18. a4 Bc6 19. Nxc6 Qxc6 20. axb5 axb5 21. Bxb5
Qc7 22. Bd3 Nfd7 23. Ne3 Bf6 24. Rad1 Ra8 25. Nc4 Ra2 26. Nxb6 Nxb6 27. e5 Be7
28. exd6 Bxd6 29. Be4 Nd7 30. Bxh7+ Kh8 31. Bd3 Nf6 32. Bd4 Qe7 33. Ra1 Rxa1
34. Bxa1 1-0

[Event "Lietuvos BM10-BM18"]
[Site "Vilnius"]
[Date "2021.06.03"]
[Round "3.17"]
[White "Ser, Daniel"]
[Black "Bazilius, Augustinas"]
[Result "1/2-1/2"]
[WhiteElo "1347"]
[BlackElo "1683"]
[PlyCount "24"]
[EventDate "2021.??.??"]

1. d4 Nf6 2. Bf4 g6 3. Nc3 Bg7 4. e4 d6 5. Qd2 c6 6. O-O-O b5 7. f3 Qa5 8. Kb1
b4 9. Nce2 Na6 10. g4 Nc7 11. Nc1 Be6 12. Nge2 Qb6 1/2-1/2

[Event "Lietuvos BM10-BM18"]
[Site "Vilnius"]
[Date "2021.06.03"]
[Round "3.19"]
[White "Remeikaite, Rugile"]
[Black "Cumacenko, Saule"]
[Result "1/2-1/2"]
[WhiteElo "1082"]
[BlackElo "1118"]
[PlyCount "100"]
[EventDate "2021.??.??"]

1. e4 e5 2. Nf3 Nc6 3. Bc4 Bc5 4. d3 d6 5. O-O Bg4 6. Be3 Bb6 7. Bxf7+ Kf8 8.
Bc4 Qf6 9. Nbd2 Nge7 10. h3 Bh5 11. g4 Bxg4 12. hxg4 Ke8 13. g5 Qf8 14. Nh4 Kd8
15. a4 Na5 16. Be6 Ng6 17. Ndf3 Qe7 18. Bf5 Nxh4 19. Nxh4 Bxe3 20. fxe3 Qxg5+
21. Ng2 Ke7 22. d4 Rad8 23. d5 c6 24. b4 Nc4 25. Qe2 Nb6 26. a5 Na8 27. Qd3 g6
28. Bh3 Qg3 29. Be6 h5 30. Qe2 Rhf8 31. Kh1 Nc7 32. Qe1 Qxe1 33. Raxe1 Nxe6 34.
dxe6 Kxe6 35. Nh4 Rg8 36. Rf2 g5 37. Ng2 Rdf8 38. Ref1 Rxf2 39. Rxf2 d5 40.
exd5+ cxd5 41. c3 Rc8 42. Rc2 d4 43. exd4 exd4 44. c4 d3 45. Rc3 d2 46. Ne3 Rd8
47. Nd1 Ke5 48. Kg2 b6 49. axb6 axb6 50. Kf3 Kf5 1/2-1/2

[Event "Lietuvos BM10-BM18"]
[Site "Vilnius"]
[Date "2021.06.03"]
[Round "3.21"]
[White "Pidluznij, Matvej"]
[Black "Alionis, Augustas"]
[Result "1-0"]
[WhiteElo "1501"]
[BlackElo "1054"]
[PlyCount "91"]
[EventDate "2021.??.??"]

1. e4 e5 2. Nf3 Nc6 3. Bc4 Nf6 4. Ng5 d5 5. exd5 Na5 6. Bb5+ c6 7. dxc6 bxc6 8.
Ba4 Bc5 9. Nc3 Qb6 10. O-O O-O 11. a3 Bd4 12. Nge4 Bg4 13. Nxf6+ gxf6 14. Qxg4+
Kh8 15. b4 Nc4 16. Bb3 Nd6 17. Na4 Qb7 18. c3 Bb6 19. Nxb6 axb6 20. d3 c5 21.
Bb2 Rg8 22. Qh3 Rg7 23. f3 Qa7 24. Qh4 Qe7 25. Rf2 Rag8 26. Raf1 Rg6 27. f4 Qb7
28. Qh3 R8g7 29. fxe5 fxe5 30. c4 f6 31. g3 Rf7 32. Qe6 Qc7 33. Rxf6 Rfxf6 34.
Rxf6 Rxf6 35. Qxf6+ Kg8 36. Bxe5 cxb4 37. Qh8+ Kf7 38. Qg7+ Ke6 39. Qxc7 Kxe5
40. Qxb6 bxa3 41. Qe3+ Kf6 42. Qh6+ Ke7 43. Qxh7+ Kd8 44. g4 Ne8 45. Ba4 Nc7
46. Qd7# 1-0

[Event "Lietuvos BM10-BM18"]
[Site "Vilnius"]
[Date "2021.06.03"]
[Round "3.22"]
[White "Mikalajunas, Gytis"]
[Black "Kavalnis, Rytis"]
[Result "1-0"]
[WhiteElo "1042"]
[BlackElo "1347"]
[PlyCount "101"]
[EventDate "2021.??.??"]

1. e4 e5 2. Nf3 Nc6 3. Nc3 Nf6 4. d4 d6 5. dxe5 dxe5 6. Bg5 Qxd1+ 7. Rxd1 a6 8.
Bxf6 gxf6 9. Nd5 Bd6 10. Nxf6+ Ke7 11. Nd5+ Ke8 12. c4 Nb4 13. c5 Nxd5 14. cxd6
Nb4 15. dxc7 f6 16. Rd8+ Ke7 17. Rxh8 Nc6 18. Rxh7+ Kd6 19. Rh8 Kxc7 20. h4 Ra7
21. h5 Bg4 22. h6 Ne7 23. Rh7 Kd7 24. Rxe7+ Kxe7 25. h7 Ra8 26. h8=Q Rxh8 27.
Rxh8 Kd6 28. Bc4 Kc5 29. Bd5 f5 30. Bxb7 fxe4 31. Nxe5 Kb6 32. Bxa6 Kxa6 33.
Nxg4 Kb5 34. Nf6 e3 35. g4 exf2+ 36. Kxf2 Kc5 37. g5 Kd6 38. g6 Ke6 39. g7 Kxf6
40. g8=R Kf7 41. Ra8 Kg7 42. Rhb8 Kf7 43. Rb7+ Ke6 44. Ra6+ Kd5 45. Rb5+ Kc4
46. a4 Kd3 47. Rc5 Kd4 48. Rac6 Kd3 49. Kf3 Kd4 50. b4 Kd3 51. Rd6# 1-0

[Event "Lietuvos BM10-BM18"]
[Site "Vilnius"]
[Date "2021.06.04"]
[Round "4.1"]
[White "Pidluznij, Gleb"]
[Black "Rudzkis, Vilius"]
[Result "1-0"]
[WhiteElo "2016"]
[BlackElo "1811"]
[PlyCount "45"]
[EventDate "2021.??.??"]

1. e4 c5 2. Nf3 Nc6 3. d4 cxd4 4. Nxd4 Nf6 5. Nc3 e5 6. Ndb5 d6 7. Bg5 a6 8.
Na3 b5 9. Nd5 Be7 10. Bxf6 Bxf6 11. c4 Nd4 12. Bd3 Bh4 13. O-O O-O 14. cxb5 Qg5
15. Kh1 Bg4 16. f3 f5 17. fxg4 fxg4 18. Nc7 Bg3 19. Nxa8 Qh4 20. Bc4+ Rf7 21.
Bxf7+ Kh8 22. h3 Nf3 23. Qxd6 1-0

[Event "Lietuvos BM10-BM18"]
[Site "Vilnius"]
[Date "2021.06.04"]
[Round "4.2"]
[White "Praspaliauskas, Matas"]
[Black "Gavenavicius, Karolis"]
[Result "1/2-1/2"]
[WhiteElo "1256"]
[BlackElo "1168"]
[PlyCount "88"]
[EventDate "2021.??.??"]

1. e4 c5 2. Nf3 e6 3. g3 a6 4. Bg2 d5 5. exd5 exd5 6. d4 c4 7. O-O Nf6 8. c3
Be7 9. Re1 O-O 10. Qe2 Re8 11. Bg5 Be6 12. Nbd2 Nbd7 13. Ne5 Nxe5 14. Qxe5 b5
15. f4 Nd7 16. Bxe7 Rxe7 17. Qe2 Re8 18. Qf3 Qf6 19. f5 Qxf5 20. Qxf5 Bxf5 21.
Bxd5 Rab8 22. Bc6 Kf8 23. Kf2 Rec8 24. Bxd7 Bxd7 25. Re3 Bc6 26. Rae1 Re8 27.
Rxe8+ Rxe8 28. Rxe8+ Kxe8 29. Ke3 Ke7 30. Ne4 Bxe4 31. Kxe4 Ke6 32. b3 cxb3 33.
axb3 a5 34. d5+ Kd6 35. c4 a4 36. bxa4 bxa4 37. Kd4 f5 38. c5+ Kc7 39. d6+ Kc6
40. Ke5 a3 41. Ke6 a2 42. d7 a1=Q 43. d8=Q Qa2+ 44. Kxf5 Qf7+ 1/2-1/2

[Event "Lietuvos BM10-BM18"]
[Site "Vilnius"]
[Date "2021.06.04"]
[Round "4.3"]
[White "Milius, Ignas"]
[Black "Bosikis, Titas"]
[Result "1-0"]
[WhiteElo "1331"]
[BlackElo "1324"]
[PlyCount "27"]
[EventDate "2021.??.??"]

1. e4 e5 2. Nc3 Bc5 3. Bc4 Nf6 4. f4 d6 5. h3 d5 6. Nxd5 Nxd5 7. Qh5 Qf6 8.
Bxd5 Qxf4 9. d4 Qg3+ 10. Kd1 Bxd4 11. Qxf7+ Kd8 12. Nf3 h6 13. Nxd4 exd4 14.
Bf4 1-0

[Event "Lietuvos BM10-BM18"]
[Site "Vilnius"]
[Date "2021.06.04"]
[Round "4.4"]
[White "Dudnikas, Motiejus"]
[Black "Kazlas, Jokubas"]
[Result "1-0"]
[WhiteElo "1323"]
[BlackElo "1165"]
[PlyCount "59"]
[EventDate "2021.??.??"]

1. d4 d5 2. c3 Bf5 3. Bg5 Nd7 4. e3 Ngf6 5. Bd3 Bxd3 6. Qxd3 c6 7. f4 e6 8. Nf3
Be7 9. Nbd2 O-O 10. Bxf6 Bxf6 11. h4 g6 12. g4 Nb6 13. h5 Qd7 14. O-O-O Rac8
15. Rh2 Rc7 16. Rdh1 Rfc8 17. g5 Bg7 18. hxg6 hxg6 19. Ne5 Qe8 20. Qf1 c5 21.
Rh7 cxd4 22. exd4 Na4 23. Nb1 Nxc3 24. Nxc3 Qa4 25. Qh3 Rxc3+ 26. bxc3 Qa3+ 27.
Kb1 Kf8 28. Rxg7 Rxc3 29. Rxf7+ Ke8 30. Qh8+ 1-0

[Event "Lietuvos BM10-BM18"]
[Site "Vilnius"]
[Date "2021.06.04"]
[Round "4.6"]
[White "Juskaitis, Skomantas"]
[Black "Andrijauskas, Domas"]
[Result "1/2-1/2"]
[WhiteElo "1124"]
[BlackElo "1283"]
[PlyCount "37"]
[EventDate "2021.??.??"]

1. d4 Nf6 2. Bf4 g6 3. Nf3 Bg7 4. Nc3 O-O 5. e4 d6 6. Qd2 c5 7. d5 a6 8. Bh6 b5
9. Bxg7 Kxg7 10. Qf4 b4 11. Ne2 Qa5 12. Kd1 Nbd7 13. Ng3 Nb6 14. b3 Qa3 15. h4
Qb2 16. Rc1 Ng4 17. Qd2 Nd7 18. h5 Nde5 19. Ng5 1/2-1/2

[Event "Lietuvos BM10-BM18"]
[Site "Vilnius"]
[Date "2021.06.04"]
[Round "4.7"]
[White "Buika, Dovydas"]
[Black "Dobrovolskis, Vincentas"]
[Result "1-0"]
[WhiteElo "1187"]
[BlackElo "1150"]
[PlyCount "51"]
[EventDate "2021.??.??"]

1. e4 e6 2. d4 d5 3. exd5 exd5 4. Nf3 c5 5. dxc5 Bxc5 6. Bb5+ Nc6 7. O-O Nge7
8. Bg5 O-O 9. Nbd2 a6 10. Bxc6 bxc6 11. Nb3 Bb6 12. Re1 f6 13. Bf4 Ng6 14. Be3
Bxe3 15. Rxe3 Qc7 16. Qd2 Bd7 17. Nc5 Rfe8 18. Rae1 Kf7 19. c4 Ne7 20. Qe2 Nf5
21. Rxe8 Rxe8 22. Qd2 Rxe1+ 23. Nxe1 Qa7 24. Ned3 dxc4 25. Nxd7 Qxd7 26. Ne5+
1-0

[Event "Lietuvos BM10-BM18"]
[Site "Vilnius"]
[Date "2021.06.04"]
[Round "4.8"]
[White "Zalimas, Ugnius"]
[Black "Zilanus, Paulius"]
[Result "1/2-1/2"]
[WhiteElo "1266"]
[BlackElo "1127"]
[PlyCount "94"]
[EventDate "2021.??.??"]

1. e4 e6 2. d4 d5 3. exd5 exd5 4. Bd3 Nf6 5. h3 Bd6 6. Qf3 Be6 7. Ne2 Nbd7 8.
O-O c6 9. c3 Qc7 10. Bf4 Nb6 11. Nd2 O-O-O 12. Nb3 Qe7 13. Bxd6 Qxd6 14. Nc5
Nbd7 15. Nxe6 Qxe6 16. Rfe1 g6 17. Ng3 Qd6 18. Re2 Rde8 19. Rae1 Kd8 20. Nf1
Rxe2 21. Rxe2 Re8 22. Nd2 Rxe2 23. Qxe2 Nh5 24. Nf3 h6 25. Qe3 Qf4 26. Qxf4
Nxf4 27. Bc2 Ke7 28. Kh2 Nb6 29. g3 Ne2 30. Nd2 g5 31. Kg2 Ke6 32. Kf1 Nc1 33.
a3 Nc4 34. Nxc4 dxc4 35. Ke1 Nb3 36. Bxb3 cxb3 37. Kd2 b5 38. g4 Kd5 39. Kd3 f6
40. f3 a5 41. Ke3 Ke6 42. Ke4 a4 43. f4 Kd6 44. fxg5 hxg5 45. Kd3 Kd5 46. Ke3
Ke6 47. Ke4 Kd6 1/2-1/2